| 000 | 00923nam#a22003015a#4500 | ||
|---|---|---|---|
| 001 | 2309 | ||
| 245 | 1 | 0 |
_aLatinoamérica en voz 2 : _bCuentos y Leyendas / _cMarissa Amado ... [et. al] . con ilustraciones de Lucas Nine. |
| 250 | _a1ª ed. | ||
| 260 |
_aBuenos Aires : _bAbran cancha, _c2013. |
||
| 300 |
_a64 p. ; _bil. byn. ; _c20 cm. |
||
| 490 | 0 | _aOído leído / Adela Basch | |
| 500 | _aContiene CD. | ||
| 020 | _a9789871865239 | ||
| 100 | 1 | _aAmado, Marissa. | |
| 700 | 1 |
_aFlecha, Marco. _4aut |
|
| 700 | 1 |
_aGarcía Pérez, Jorge Antonio. _4aut |
|
| 700 | 1 |
_aMix Jiménez, Patricia. _4aut |
|
| 700 | 1 |
_aVilla Zapata, Jorge. _4aut |
|
| 700 | 1 |
_aNine, Lucas. _4ill |
|
| 080 | _a82-343 (08)(0.34.4) | ||
| 084 | _aL28 t2 | ||
| 653 | _aLiteratura infantil y juvenil | ||
| 040 |
_aAR-ClEAG _cAR-ClEAG |
||
| 008 | 140512s2013####ag############000#0#und#d | ||
| 005 | 20241107184740.0 | ||
| 003 | AR-ClEAG | ||
| 942 | _cBK | ||
| 999 |
_c2309 _d2309 |
||
| 980 |
_62 _aEvangelina Gallicchio _82 _gEvangelina Gallicchio |
||